[Event "Richmond Chess Initiative 1st"]
[Site "London, Richmond"]
[Date "1994.10.29"]
[Round "8"]
[White "Hinks-Edwards, Thomas"]
[Black "Rowson, Jonathan"]
[Result "1-0"]
[WhiteElo "2225"]
[BlackElo "2305"]
[PlyCount "67"]
[EventDate "1994.10.23"]
[EventType "tourn"]
[EventRounds "9"]
[EventCountry "ENG"]
[SourceTitle "BritBase"]
[Source "John Saunders"]
[SourceDate "2023.06.01"]
[SourceVersion "1"]
[SourceVersionDate "2023.06.01"]
[SourceQuality "1"]

1. e4 c5 2. Nf3 d6 3. d4 cxd4 4. Nxd4 Nf6 5. Nc3 a6 6. f4 g6 7. Nf3 Bg7 8. e5
Nh5 9. Bc4 O-O 10. Qe2 Nc6 11. Bd2 Bg4 12. e6 Nd4 13. exf7+ Kh8 14. Qd3 Bf5 15.
Qxd4 Bxd4 16. Nxd4 Ng7 17. O-O-O Rc8 18. Bb3 Rc5 19. h3 g5 20. Nxf5 Rxf5 21. g4
R5xf7 22. f5 Ne8 23. Ne4 Rg7 24. Nxg5 e5 25. Ne6 Qe7 26. Rhf1 Rfg8 27. Nxg7
Rxg7 28. g5 Qf8 29. h4 Rd7 30. Bc3 Rc7 31. f6 Rc8 32. h5 h6 33. f7 Nc7 34. Rf6
1-0

[Event "Richmond Chess Initiative 1st"]
[Site "London, Richmond"]
[Date "1994.10.29"]
[Round "8"]
[White "McShane, Luke J"]
[Black "Anagnostopoulos, Dimitrios"]
[Result "0-1"]
[WhiteElo "2095"]
[BlackElo "2425"]
[PlyCount "80"]
[EventDate "1994.10.23"]
[EventType "tourn"]
[EventRounds "9"]
[EventCountry "ENG"]
[SourceTitle "BritBase"]
[Source "John Saunders"]
[SourceDate "2023.06.01"]
[SourceVersion "1"]
[SourceVersionDate "2023.06.01"]
[SourceQuality "1"]

1. e4 c5 2. Nf3 a6 3. c4 d6 4. d4 cxd4 5. Nxd4 Nf6 6. Nc3 b6 7. Bd3 Bb7 8. O-O
Nbd7 9. Qe2 g6 10. b3 Bg7 11. Bb2 O-O 12. Rad1 e6 13. f4 Qc7 14. Nf3 Rad8 15.
Bb1 Rfe8 16. Nd2 Nh5 17. g4 Nhf6 18. Rfe1 Nc5 19. b4 Ncd7 20. Nf1 h6 21. Ng3 g5
22. e5 dxe5 23. fxg5 hxg5 24. Nce4 Nxe4 25. Nxe4 Nf8 26. Nxg5 Qe7 27. h4 f6 28.
Ne4 Ng6 29. Qf2 Nf4 30. Qxb6 Rxd1 31. Rxd1 Bxe4 32. Bxe4 f5 33. Bg2 Qxh4 34.
Qc6 Rf8 35. gxf5 Rxf5 36. Qa8+ Bf8 37. Qe4 Bxb4 38. Bxe5 Bc5+ 39. Bd4 Nh3+ 40.
Kh2 Bd6+ 0-1

[Event "Richmond Chess Initiative 1st"]
[Site "London, Richmond"]
[Date "1994.10.29"]
[Round "8"]
[White "Summerscale, Aaron P"]
[Black "Hennig, Dirk"]
[Result "1-0"]
[WhiteElo "2440"]
[BlackElo "2350"]
[PlyCount "81"]
[EventDate "1994.10.23"]
[EventType "tourn"]
[EventRounds "9"]
[EventCountry "ENG"]
[SourceTitle "BritBase"]
[Source "John Saunders"]
[SourceDate "2023.06.01"]
[SourceVersion "1"]
[SourceVersionDate "2023.06.01"]
[SourceQuality "1"]

1. d4 d6 2. e4 Nf6 3. Nc3 c6 4. a4 e5 5. Nf3 Qa5 6. Bd2 Bg4 7. h3 Bxf3 8. Qxf3
Qb6 9. a5 Qxb2 10. Ra2 Qb4 11. Ra4 Qb2 12. Bd3 b5 13. Ra2 Qb4 14. Ne2 Qb1+ 15.
Nc1 d5 16. exd5 e4 17. Qf5 Kd8 18. Be2 Bb4 19. c3 Bxc3 20. O-O Bxd2 21. Rxd2
cxd5 22. Nd3 Qb3 23. Ne5 Qc3 24. Rdd1 Qc8 25. Qg5 Rg8 26. Nxf7+ Ke7 27. Ne5 Nc6
28. Bxb5 Nxa5 29. Rc1 Qb7 30. Rb1 Rab8 31. Ng4 h6 32. Qe5+ Kf7 33. Nxf6 gxf6
34. Qf4 Kg7 35. f3 Qb6 36. Kh1 e3 37. Qxe3 Nc4 38. Qe7+ Kh8 39. Bxc4 Qxb1 40.
Qxf6+ Kh7 41. Rxb1 1-0

[Event "Richmond Chess Initiative 1st"]
[Site "London, Richmond"]
[Date "1994.10.30"]
[Round "9"]
[White "Anagnostopoulos, Dimitrios"]
[Black "Summerscale, Aaron P"]
[Result "1/2-1/2"]
[WhiteElo "2425"]
[BlackElo "2440"]
[PlyCount "26"]
[EventDate "1994.10.23"]
[EventType "tourn"]
[EventRounds "9"]
[EventCountry "ENG"]
[SourceTitle "BritBase"]
[Source "John Saunders"]
[SourceDate "2023.06.01"]
[SourceVersion "1"]
[SourceVersionDate "2023.06.01"]
[SourceQuality "1"]

1. d4 c5 2. Nf3 cxd4 3. Nxd4 d5 4. Bf4 Nc6 5. e3 Nf6 6. c4 dxc4 7. Nc3 Nxd4 8.
exd4 Nd5 9. Bg3 Nxc3 10. bxc3 e6 11. Bxc4 Bd6 12. O-O O-O 13. Bd3 Bxg3 1/2-1/2

[Event "Richmond Chess Initiative 1st"]
[Site "London, Richmond"]
[Date "1994.10.30"]
[Round "9"]
[White "Bates, Richard A"]
[Black "Dinstuhl, Volkmar"]
[Result "1/2-1/2"]
[WhiteElo "2285"]
[BlackElo "2375"]
[PlyCount "112"]
[EventDate "1994.10.23"]
[EventType "tourn"]
[EventRounds "9"]
[EventCountry "ENG"]
[SourceTitle "BritBase"]
[Source "John Saunders"]
[SourceDate "2023.06.01"]
[SourceVersion "1"]
[SourceVersionDate "2023.06.01"]
[SourceQuality "1"]

1. d4 Nf6 2. c4 c5 3. d5 d6 4. Nc3 g6 5. e4 Bg7 6. h3 O-O 7. Nf3 e6 8. Bd3 exd5
9. cxd5 b5 10. Nxb5 Re8 11. O-O Nxe4 12. Re1 a6 13. Na3 Nf6 14. Rxe8+ Nxe8 15.
Nc4 Bb7 16. Bf1 Nd7 17. Bf4 Ndf6 18. Ne3 Nc7 19. Bc4 Rb8 20. a4 Ba8 21. Rb1 Qe7
22. Ba2 Ne4 23. Bh2 Rxb2 24. Rxb2 Bxb2 25. Bb1 Bf6 26. Qb3 Nc3 27. Qb6 N7xd5
28. Nxd5 Bxd5 29. Bxd6 Qb7 30. Qxb7 Bxb7 31. Bc2 c4 32. Kf1 Bc6 33. Ne5 Bd5 34.
Nd7 Bd4 35. f4 Ne4 36. Be5 Ng3+ 37. Ke1 Bxe5 38. fxe5 Kg7 39. Kf2 Nf5 40. Bxf5
gxf5 41. g3 Bc6 42. Nc5 Kg6 43. Ke3 Kg5 44. Kd4 f4 45. e6 fxg3 46. exf7 g2 47.
f8=Q g1=Q+ 48. Kxc4 Qc1+ 49. Kd3 Qd1+ 50. Ke3 Qe1+ 51. Kd4 Qd1+ 52. Ke3 Qg1+
53. Ke2 Qh2+ 54. Kd1 Qh1+ 55. Ke2 Qg2+ 56. Ke1 Qg1+ 1/2-1/2

[Event "Richmond Chess Initiative 1st"]
[Site "London, Richmond"]
[Date "1994.10.30"]
[Round "9"]
[White "Hennig, Dirk"]
[Black "Berg, Klaus"]
[Result "1/2-1/2"]
[WhiteElo "2350"]
[BlackElo "2435"]
[PlyCount "21"]
[EventDate "1994.10.23"]
[EventType "tourn"]
[EventRounds "9"]
[EventCountry "ENG"]
[SourceTitle "BritBase"]
[Source "John Saunders"]
[SourceDate "2023.06.01"]
[SourceVersion "1"]
[SourceVersionDate "2023.06.01"]
[SourceQuality "1"]

1. c4 Nf6 2. Nc3 g6 3. g3 Bg7 4. Bg2 O-O 5. e3 d6 6. Nge2 e5 7. O-O Nbd7 8. b3
Re8 9. Bb2 h5 10. d4 e4 11. Qc2 1/2-1/2

[Event "Richmond Chess Initiative 1st"]
[Site "London, Richmond"]
[Date "1994.10.30"]
[Round "9"]
[White "Rowson, Jonathan"]
[Black "McShane, Luke J"]
[Result "1-0"]
[WhiteElo "2305"]
[BlackElo "2095"]
[PlyCount "63"]
[EventDate "1994.10.23"]
[EventType "tourn"]
[EventRounds "9"]
[EventCountry "ENG"]
[SourceTitle "BritBase"]
[Source "John Saunders"]
[SourceDate "2023.06.01"]
[SourceVersion "1"]
[SourceVersionDate "2023.06.01"]
[SourceQuality "1"]

1. e4 c5 2. Nf3 d6 3. d4 cxd4 4. Nxd4 Nf6 5. Nc3 a6 6. f4 Qc7 7. Qf3 g6 8. Be3
Bg7 9. h3 b5 10. e5 Bb7 11. exf6 Bxf3 12. fxg7 Rg8 13. Nxf3 Rxg7 14. O-O-O Nd7
15. g4 Rc8 16. Rh2 b4 17. Ne4 Qc6 18. Bd3 Rg8 19. Kb1 Qb7 20. Re2 Kf8 21. Bd4
a5 22. Nfg5 f6 23. Nxh7+ Kf7 24. Rde1 Rge8 25. Bxf6 Nxf6 26. Nhxf6 Qc7 27. Nxe8
Rxe8 28. Ng5+ Kg8 29. Bxg6 Rc8 30. Rxe7 Qc6 31. Bh7+ Kh8 32. Nf7+ 1-0

[Event "Richmond Chess Initiative 1st"]
[Site "London, Richmond"]
[Date "1994.10.30"]
[Round "9"]
[White "Wall, Gavin"]
[Black "Hinks-Edwards, Thomas"]
[Result "1-0"]
[WhiteElo "2265"]
[BlackElo "2225"]
[PlyCount "77"]
[EventDate "1994.10.23"]
[EventType "tourn"]
[EventRounds "9"]
[EventCountry "ENG"]
[SourceTitle "BritBase"]
[Source "John Saunders"]
[SourceDate "2023.06.01"]
[SourceVersion "1"]
[SourceVersionDate "2023.06.01"]
[SourceQuality "1"]

1. d4 Nf6 2. Nf3 d6 3. h3 c5 4. c3 Nbd7 5. Bf4 g6 6. e3 Bg7 7. Bc4 O-O 8. O-O
Qe8 9. Nbd2 e5 10. Bh2 Qe7 11. dxe5 dxe5 12. e4 b6 13. Qe2 Bb7 14. Rfe1 Nh5 15.
Bd5 Bxd5 16. exd5 Rfe8 17. Nc4 e4 18. Nd6 f5 19. Nxe8 Rxe8 20. d6 Qf6 21. Qc4+
Kh8 22. Rad1 Rf8 23. Nd2 Bh6 24. Qa4 Rf7 25. Nc4 Bf4 26. Qxa7 Qg5 27. Nxb6 e3
28. fxe3 Bxh2+ 29. Kxh2 Ne5 30. Qa8+ Kg7 31. d7 Ng4+ 32. hxg4 Qh4+ 33. Kg1 Ng3
34. Qg8+ Kh6 35. g5+ Kh5 36. Qxf7 Qh1+ 37. Kf2 Ne4+ 38. Ke2 Qxg2+ 39. Kd3 1-0